000 00324nam a2200133Ia 4500
008 240624s9999 xx 000 0 und d
041 _aeng
082 _a891.46 PAT
100 _aPATIL VISHWAS
245 _aSAMBHAJI MARATHI
260 _c2016
_aPune
_bMehta Publishing House
300 _a848 p.; 32 cm.
365 _cRS
_b25
999 _c30396
_d30396